000
00268nam a22001217a 4500
008
180125b xxu||||| |||| 00| 0 eng d
041
_a
eng
080
_a
612.39
100
_a
10
101
_a
nut
245
_a
daity reference manual
_c
donald.l.c
942
_2
udc
_c
BK
999
_c
40973
_d
40973